LEADER 01155nam a2200217 4500 001 000000336085 003 CaOOAMICUS 005 20190820171037.0 008 190820s1789 it 000 u ita r 026 $an-re noi. m-o, mofe (3) 1789 (A) 040 $aSeMil$bita 245 00$aT. 1. 264 1$aIn Milano :$bPresso li Fratelli Pirola impressori dell'Eccema Città,$c1789. 300 $axv, [1], 176 p. ;$c8° 700 1 $aSherlock, Thomas,$d<1678-1761>.$0(OLS)http://semarc/name/110103 773 0 $aSherlock, Thomas <1678-1761>$tRagionamenti del Sig. di Sherlok vescovo di Londra. tradotti dall'inglese dal padre Houbigant ... ora dal francese nell'italiana favella con un'aggiunta di copiose annotazioni, e d'un discorso preliminare.$dIn Milano : Presso li Fratelli Pirola impressori dell'Eccema Città, 1789.$w()336084 850 $aSeMil 852 $aSeMil$W1$xVenegono$y1$m3X III 86 FA$j215409$B227915$CSeMilBibl$Z2$F227915 $8I 996 $6245$aT. 1$9(OLS)http://semarc/title/296473 996 $6264$aIn Milano :$bPresso li Fratelli Pirola impressori dell'Eccema Città$9(OLS)http://semarc/publisher/58489 LEADER 01496nam a2200301 i 4500 001 000000345402 003 CaOOAMICUS 005 20210415143238.0 008 210415s2021 gw u000 u eng u 013 $a237096 020 $a978-3-11-049231-6 040 $aSeMil$bita 100 1 $aCalduch-Benages, Núria,$d<1957- >.$0(OLS)http://semarc/name/35626 245 10$aFor wisdom's sake :$bcollected essays on the book of Ben Sira /$cNuria Calduch-Benages. 264 1$aBerlin ; Boston :$bDe Gruyter,$c2021. 300 $aXVII, 337 p. ;$c24 cm 490 1 $aBeihefte zur Zeitschrift für die alttestamentliche Wissenschaft ;$v499 500 $aRaccoglie gli studi pubblicati dal 1997 al 2018 dall'A. sul Siracide 504 $aBibliography, p. [281]-307 650 4$aBibbia. Antico Testamento. Siracide - Commentari, studi, critica, interpretazioni.$0(OLS)http://semarc/subject/12444 650 4$aBibbia - Saggezza.$0(OLS)http://semarc/subject/49992 830 0$aBeihefte zur Zeitschrift für die alttestamentliche Wissenschaft ;$v499.$0(OLS)http://semarc/title/294 850 $aSeMil 852 $aSeMil$W1$xVenegono$y1$m2XA Q 499$j225407$B236479$CSeMilBibl$Z2$F236479 $81 996 $6020$a978-3-11-049231-6$9(OLS)http://semarc/number/292916 996 $6245$aFor wisdom's sake :$bcollected essays on the book of Ben Sira$9(OLS)http://semarc/title/434543 996 $6264$aBerlin ; Boston :$bDe Gruyter$9(OLS)http://semarc/publisher/36449